Statistiken für Darts-Spieler nach Einlaufmusik #1

Klicken Sie hier um das Quiz zu spielen!

Allgemein

  • Dieses Quiz wurde 613 mal gespielt
  • Das Durchschnittsergebnis liegt bei 8 aus 10

Antwortstatistiken

SongSpieler% Korrekt
Ice Ice Baby - Vanilla Ice / Cold as Ice - ForeignerGerwyn Price
97%
Seven Nation Army - The White Stripes
Michael van Gerwen
91%
The Power - Snap!
Phil Taylor
90%
Don’t Stop The Party - Pitbull
Peter Wright
87%
Happy - Pharrell WilliamsDimitri Van den Bergh
81%
Johnny B. Goode - Chuck Berry
Jonny Clayton
76%
Jump Around - House of PainGary Anderson
69%
Mr. Brightside - The KillersNathan Aspinall
69%
Hey Baby - DJ ÖtziMax Hopp
67%
I Know You Want Me - PitbullJosé de Sousa
37%

Verteilung der Resultate

Perzentil nach korrekt beantworteten Fragen

Anzahl Personen mit jedem Resultat

Ihre Resultats-Entwicklung

Sie haben dieses Quiz noch nicht gespielt